000
00286nam a2200109Ia 4500
008
220204s9999 xx 000 0 und d
082
_a
631.4:632.952
_b
SIN.1
100
_a
Sinha, A P
245
0
_a
Soil fungicides. V 1
260
_a
Delhi
_b
CB Publishers & Distributers
_c
1988
942
_c
BK
999
_c
41171
_d
41171